<?xml version="1.0" encoding="UTF-8"?>
<record
    xmlns:xsi="http://www.w3.org/2001/XMLSchema-instance"
    xsi:schemaLocation="http://www.loc.gov/MARC21/slim http://www.loc.gov/standards/marcxml/schema/MARC21slim.xsd"
    xmlns="http://www.loc.gov/MARC21/slim">

  <leader>01316nam a22002657a 4500</leader>
  <controlfield tag="003">AR-RoUNCS</controlfield>
  <controlfield tag="005">20251217161342.0</controlfield>
  <controlfield tag="008">251217t2016    ag |||||r|||| 00| pdita d</controlfield>
  <datafield tag="020" ind1=" " ind2=" ">
    <subfield code="a">978-987-702-200-1</subfield>
  </datafield>
  <datafield tag="040" ind1=" " ind2=" ">
    <subfield code="a">AR-RoUNCS</subfield>
    <subfield code="c">AR-RoUNCS</subfield>
  </datafield>
  <datafield tag="080" ind1=" " ind2=" ">
    <subfield code="0">82-1(450)</subfield>
  </datafield>
  <datafield tag="100" ind1="1" ind2=" ">
    <subfield code="a">Semacchi Gliubich, Graziella,</subfield>
    <subfield code="e">autor</subfield>
  </datafield>
  <datafield tag="245" ind1="1" ind2=" ">
    <subfield code="a">Dimenticare gli alisei =</subfield>
    <subfield code="b">Olvidar los alisios /</subfield>
    <subfield code="c">Graziella Semacchi Gliubich ; traducci&#xF3;n, introducci&#xF3;n y notas de Alberto Anunziato.</subfield>
  </datafield>
  <datafield tag="246" ind1="1" ind2="1">
    <subfield code="a">Olvidar los alisios</subfield>
  </datafield>
  <datafield tag="260" ind1=" " ind2=" ">
    <subfield code="a">Rosario :</subfield>
    <subfield code="b">UNR Editora,</subfield>
    <subfield code="c">2016.</subfield>
  </datafield>
  <datafield tag="300" ind1=" " ind2=" ">
    <subfield code="a">112 p. ; </subfield>
    <subfield code="c">18 cm.</subfield>
  </datafield>
  <datafield tag="490" ind1="0" ind2=" ">
    <subfield code="a">Polifon&#xED;a de mujeres ;</subfield>
    <subfield code="v">1</subfield>
  </datafield>
  <datafield tag="500" ind1=" " ind2=" ">
    <subfield code="a">Colecci&#xF3;n dirigida por Dar&#xED;o Maiorana.</subfield>
  </datafield>
  <datafield tag="520" ind1="3" ind2=" ">
    <subfield code="a">Saber que cuando sopla la Bora scura sobre Trieste puede hacerlo por nueve d&#xED;as seguidos, con vientos de hasta 160 kil&#xF3;metros por hora, implica reconocer que el poema tiene m&#xE1;s de descripci&#xF3;n realista que de alegor&#xED;a apocal&#xED;ptica. Y, a su vez, saber la importancia cultural de la Bora para los triestinos aporta un elemento extra en la comprensi&#xF3;n de la clave po&#xE9;tica de la obra, en la que la referencia la viento es constante.</subfield>
  </datafield>
  <datafield tag="546" ind1=" " ind2=" ">
    <subfield code="a">En espa&#xF1;ol e italiano.</subfield>
  </datafield>
  <datafield tag="650" ind1=" " ind2="7">
    <subfield code="2">embne</subfield>
    <subfield code="a">Literatura italiana</subfield>
  </datafield>
  <datafield tag="655" ind1=" " ind2="7">
    <subfield code="2">embne</subfield>
    <subfield code="a">Poes&#xED;as</subfield>
  </datafield>
  <datafield tag="700" ind1="1" ind2=" ">
    <subfield code="a">Anunziato, Alberto,</subfield>
    <subfield code="e">traductor</subfield>
  </datafield>
  <datafield tag="942" ind1=" " ind2=" ">
    <subfield code="2">udc</subfield>
    <subfield code="c">LPD</subfield>
    <subfield code="n">0</subfield>
  </datafield>
  <datafield tag="999" ind1=" " ind2=" ">
    <subfield code="c">860</subfield>
    <subfield code="d">860</subfield>
  </datafield>
  <datafield tag="952" ind1=" " ind2=" ">
    <subfield code="0">0</subfield>
    <subfield code="1">0</subfield>
    <subfield code="2">udc</subfield>
    <subfield code="4">0</subfield>
    <subfield code="7">0</subfield>
    <subfield code="8">CG</subfield>
    <subfield code="a">ESOCIALES</subfield>
    <subfield code="b">ESOCIALES</subfield>
    <subfield code="d">2025-12-17</subfield>
    <subfield code="e">Donaci&#xF3;n 2023</subfield>
    <subfield code="l">2</subfield>
    <subfield code="o">82-1(450) SE471</subfield>
    <subfield code="p">000328</subfield>
    <subfield code="r">2026-06-05 13:22:14</subfield>
    <subfield code="s">2026-06-01</subfield>
    <subfield code="w">2025-12-17</subfield>
    <subfield code="y">LPD</subfield>
  </datafield>
</record>
